000 01103nam0a22003011 4500
001 rc\3665642
005 20250610093125.0
021 _aRU
_b[72-55347]
035 _a(NLR Aleph) 007839509
090 _a9794814
_c9794814
100 _a20130115d1972 |||y0rusy50 ca
101 0 _arus
102 _aRU
105 _ay gj |||||
200 1 _aСправочник по русской грамматике
_eДля IX-XI кл. [эст. школы]
205 _a8-е изд.
210 _aТаллин
_cВалгус
_d1972
215 _a312 с.
_d22
300 _aПеред загл. авт.: С. Кург, Э. Тотцель, Г. Тукумцев
606 _aРусский язык
_xГрамматика
_jСправочники для нерусских школ
_2psbo
700 1 _aКург
_bС.В.
_gСайма Вилибальдовна
701 1 _aТотцель
_bЭ.Я.
_gЭлиза Яновна
701 1 _aТукумцев
_bГ.Р.
_gГвидон Романович
801 0 _aRU
_bNLR
_gpsbo
801 1 _aRU
_bELAR
_2rusmarc
852 _aNLR
_j72-5/1894
942 _cBOOK
980 _aNB